| 000 | 00416ntaaa2200169 4500 | ||
|---|---|---|---|
| 003 | 01 | ||
| 005 | 20251027201608.0 | ||
| 008 | 0714s1973 ag 01 | ||
| 040 |
_aAR-BaBN _bspa _cAR-BaBN _eaacr _dRIC |
||
| 082 | _a230.0000 W26 | ||
| 100 |
_aWarwick, W. A. _95508 |
||
| 245 | _aGathered Notes on Christian Doctrine | ||
| 250 |
_a2 ed. : _bW. A. Warwick, _cn.f. |
||
| 300 | _a68 p. | ||
| 650 | _aTeologĂa | ||
| 942 | _cBK | ||
| 999 |
_c10543 _d10543 |
||